MDQL
is popping MORE tags! Check the
thread
!
Quizzes
Events
Quiz Creation
Community
Videos
Private Events
Remove Ads
Sign In
Join for FREE
Feedback
Dark Mode
Quiz Categories
Sports
Geography
Music
Movies
Television
Just For Fun
Miscellaneous
History
Literature
Language
Science
Gaming
Entertainment
Religion
Holiday
For Kids
Quiz Lab
Recent
Popular Today
Quiz Kudos Today
Editor Picks
Curator Picks
Quizzes by...
Day
Popularity
Type
Ratings
Length
Year
Community
Subscriptions
Recent Discussions
Orange Saloon
Badges
Playlists
Quests
Create
Leaderboards
Showdown
Live 5
Trivia Bingo
Activity
Puzzle Library
Sporcle Events
Private Events
Virtual Trivia
Globe League
Become a Host
Pub Owners
SporcleCon
Opinionation
Our Games
Videos
Blog
Mobile Apps
Partnerships
Remove Ads and Go Orange
Feedback
Holiday
Halloween
Christmas
Holiday Songs
April Fools'
Thanksgiving
Valentine's Day
Easter
St Patrick's Day
National Holiday
Religious Holiday
Holiday
Halloween
Christmas
Holiday Songs
April Fools'
Thanksgiving
Valentine's Day
Easter
St Patrick's Day
National Holiday
Religious Holiday
Random Quiz
Search Sporcle
×
Quiz Lab
Quiz Lab
Holiday
description
Type in answers that appear in a list
Type in answers that appear in a list
Classic
Best Score? Go Orange.
Slay bells ring Stats
Can you name the Christmas-themed slasher movie from the description given?
By
ThePuzzler
5m
9 Questions
94 Plays
94 Plays
94 Plays
Comments
Comments
Give Quiz Kudos
Give Quiz Kudos
-
- Ratings
hide this ad
Replay
Link that replays current quiz
Next Quiz
Link to next quiz in quiz playlist
You Got
0%
They Got
Avg Score
51%
Avg Friend Score
Upgrade to see
Score Distribution
Jump to the score distribution portion of the page
Score
0/9
Timer
05:00
0
Plays Today
Hint
Answer
% Correct
A killer snowman -
-
no, really -
-
returns for revenge on the cop who put him away.
Jack Frost (1997)
83%
An obscene caller 'Billy' torments a college sorority house as its members pack up for the holidays.
Black Christmas (1974) or Black Christmas (2006)
76.6%
A toy store Santa goes on a murderous rampage years after witnessing his parents' slaughter at the hands of a robber disguised as St Nick.
Silent Night, Deadly Night (1984)
74.5%
A teenager's unusual Christmas present spawns an army of chaos-
making creatures in this Joe Dante-
directed horror comedy.
Gremlins (1984)
72.3%
Years after seeing mommy kissing Santa Claus, Harry dons a Santa suit and starts offing those on his naughty list.
Christmas Evil (1980)
42.6%
Rachel Nichols meets her secret admirer while trapped in an underground parking lot on Christmas Eve.
P2 (2007)
37.2%
Emily Blunt's ride home for the holidays isn't all it seems.
Wind Chill (2007)
28.7%
A dysfunctional family is haunted by sinister visions en route to visit relatives for the holidays.
Dead End (2003)
27.7%
A serial killer stalks people dressed as Father Christmas in this British slasher.
Don’t Open Till Christmas (1984)
24.5%
Quiz Playlist
Details
Report
Send in Message
Add To Playlist
Classic:
Type in answers that appear in a list
Last Updated: Feb 16, 2017
Quiz Scoreboard
CHALLENGE
Sign Up to Join the Scoreboard
Show All
Scores
Hide
Comments
May contain spoilers
Recently Published
Find the 'City' Movie
by crazypaving
Movies
60s
5x2 Blitz: Bands
by SL_Kpop136
Music
30s
Colored Red Africa Blitz
by spor1
Geography
30s
More to Explore
Quiz From the Vault
Featured Blog Post
14 Easter Pick-up Lines to Find Eggs With
hide this ad
You Might Also Like...
Tags
bell
description
Ring
Today's Top Quizzes in Holiday
Browse Holiday
hide this ad
Today's Top Quizzes in description
Browse description
Top Contributed Quizzes in Holiday
1
Holidays Spelling Bee
2
A Christmas Story Kids Picture Click
3
Federal Holiday Minefield (US)
4
Holiday Letter 'B' (Clickable)
5
5-to-1: Thanksgiving
6
5-to-1: Holiday Songs
7
Easter - Did You Know?
8
Pick the Easter Eggs hidden in the Garden
9
Purim Crossword
10
Initially Yours: Holiday
Explore More
Trending Topics
NBA
Anime
Harry Potter
Crossword
Kpop
Marvel
Disney
Country
Puzzle
Pokémon
WWE
Soccer
Song
NFL
The Office
hide this ad
More By:
ThePuzzler
Quiz
Plays
Rating
Category
Featured
Created
Golden Girls comebacks
6,858
4.92
Television
Jul 25, 2013
Golden Girls quotes
3,659
4.59
Television
Jul 25, 2013
Roseanne comebacks
1,665
4.80
Television
Sep 28, 2014
Michael Myers weapons
1,476
4.60
Movies
Sep 29, 2014
West Wing: Bartlet states
1,417
2.50
Television
Dec 4, 2013
Go to Creator's Profile
Score Distribution
Quiz Creator Spotlight
ThePuzzler
Follow
Send a Message
Quizzes Created
-
Created Quiz Play Count
-
More By This Creator
Popular Quizzes Today
1
5x2 Blitz: Bands
2
Find the 'City' Movie
3
Colored Red Africa Blitz
4
Find the US States - No Outlines Minefield
5
The Countries of the World
6
Find the US States
7
9x9 Crossword: Cartoon Network
8
US States
More Holiday Quizzes
Christmas Lyric Match-Up
Published
Trending Quizzes
Colored Red Africa Blitz II
Colored Red Europe Blitz I
Christmas Pick: Judaism
Colored Red Africa Blitz III
Colored Red Europe Blitz II
Recently Updated
Champions League XIs: Real Madrid
pecheneg
Largest US Cities 1790-2010
pecheneg
Rides in Walt Disney World
pecheneg
Most Oscar Losses (Acting)
pecheneg
Beyoncé Albums
pecheneg
Leaping Animals
pecheneg
Reality TV Shows (A-Z)
bhenderson79
Rickey Henderson's Hall of Fame Teammates
pecheneg
Champions League XIs: Arsenal
pecheneg
Quick Pick: Celebrities in WWE's Hall of Fame
aduchscher
Trending Topics
Kpop
Marvel
NBA
Anime
Disney
Harry Potter
Crossword
NFL
Pokémon
Country
Puzzle
Soccer
The Office
WWE
Song
Your Account Isn't Verified!
In order to create a playlist on Sporcle, you need to verify the email address you used during registration. Go to your
Sporcle Settings
to finish the process.
Report this User
Report this user for behavior that violates our
Community Guidelines
.
Details:
Send Report
Go to the Sporcle.com Mobile Site →
Comments